| 000 | 00547nam a22001817a 4500 | ||
|---|---|---|---|
| 005 | 20251108164939.0 | ||
| 008 | 250721s1994 xx 000 0 ara d | ||
| 082 | 1 | 4 | _a658/زاي |
| 100 | 1 | _aزاهدة، زايد | |
| 245 | 1 | 0 | _aقرة عين الدارس و المرؤوس و الرئيس و رجل الأعمال / |
| 264 | 1 |
_aعمان : _bالمؤلف، _c1994. |
|
| 300 | _a29ص | ||
| 650 | 1 | 7 | _aالإدارة |
| 650 | 1 | 7 | _aتقنيات الإدارة |
| 650 | 1 | 7 | _aالقيادة الإدارية |
| 942 |
_2ddc _cBK |
||
| 999 |
_c18128 _d18128 |
||